Spolupoistenie a zaistenie ako forma diverzifikácie rizika

Spolupoistenie a zaistenie majú rovnaký cieľ - delenie rizika medzi viaceré subjekty. Napriek tomu existujú medzi nimi zásadné rozdiely, či už v spôsobe rozloženia rizika, ich vzájomnom vzťahu, vzťahu voči poistenému a pod.

Enregistré dans:
Détails bibliographiques
Auteur principal: Meluchová, Jitka, 1965-
Format: Chapitre de livre
Langue:slovaque
Sujets:
Tags: Ajouter un tag
Pas de tags, Soyez le premier à ajouter un tag!

MARC

LEADER 00000naa$a2200000$$$4500
001 0198451
005 20240502073343.5
041 0 |a slo 
044 |a SK 
245 1 0 |a Spolupoistenie a zaistenie ako forma diverzifikácie rizika  |c Jitka Meluchová 
520 |a Spolupoistenie a zaistenie majú rovnaký cieľ - delenie rizika medzi viaceré subjekty. Napriek tomu existujú medzi nimi zásadné rozdiely, či už v spôsobe rozloženia rizika, ich vzájomnom vzťahu, vzťahu voči poistenému a pod. 
610 2 0 |a poisťovne 
610 2 0 |a spolupoistenie 
610 2 0 |a zaistenie 
610 2 0 |a optimalizácia 
610 2 0 |a riziko 
100 1 |a Meluchová, Jitka, 1965-